[Event "2FoglarVeterans_GM_A"]
[Site "?"]
[Date "2006.??.??"]
[Round "?"]
[White "Bures, Jilji"]
[Black "Helbich, Jan (SVK)"]
[Result "1/2-1/2"]
[WhiteElo "2439"]
[BlackElo "2452"]
[PlyCount "72"]
[EventDate "2006.??.??"]
[EventType "corr"]

1. e4 c5 2. Nf3 d6 3. d4 cxd4 4. Nxd4 Nf6 5. Nc3 a6 6. Be2 e6 7. O-O Be7 8. f4
O-O 9. Be3 Nc6 10. a4 Qc7 11. Kh1 Re8 12. Bf3 Na5 13. g4 Nc4 14. Bc1 Bf8 15. g5
Nd7 16. Bg2 b6 17. Rf3 Bb7 18. b3 Na5 19. Rh3 g6 20. Ba3 Rad8 21. Qe1 Bg7 22.
Rd1 f5 23. exf5 Bxg2+ 24. Kxg2 exf5 25. Re3 Qb7+ 26. Kg3 Rxe3+ 27. Qxe3 Nc5 28.
Bxc5 bxc5 29. Ne6 Re8 30. Rxd6 Qf7 31. Rxa6 Nb7 32. Nb5 Nd8 33. Qxc5 Nxe6 34.
Qc4 Qd7 35. Nd6 Re7 36. Nc8 Re8 1/2-1/2

[Event "2FoglarVeterans_GM_A"]
[Site "?"]
[Date "2006.??.??"]
[Round "?"]
[White "Sykora, Josef"]
[Black "Bures, Jilji"]
[Result "1/2-1/2"]
[WhiteElo "2414"]
[BlackElo "2439"]
[PlyCount "68"]
[EventDate "2006.??.??"]
[EventType "corr"]

1. e4 c5 2. Nf3 Nc6 3. d4 cxd4 4. Nxd4 Nf6 5. Nc3 e5 6. Ndb5 d6 7. Bg5 a6 8.
Na3 b5 9. Nd5 Be7 10. Bxf6 Bxf6 11. c3 O-O 12. Nc2 Bg5 13. a4 bxa4 14. Rxa4 a5
15. Bc4 Kh8 16. O-O f5 17. exf5 Bxf5 18. Nce3 Bd7 19. b3 Rb8 20. Qd3 Bh6 21.
Ra2 Qh4 22. f3 Be6 23. Ng4 Bxg4 24. Qe4 Ne7 25. g3 Qg5 26. Qxg4 Qxg4 27. fxg4
Nxd5 28. Bxd5 Be3+ 29. Kg2 Rxf1 30. Kxf1 Bb6 31. Ke2 Rc8 32. b4 axb4 33. cxb4
g6 34. b5 Kg7 1/2-1/2

[Event "2FoglarVeterans_GM_A"]
[Site "?"]
[Date "2006.??.??"]
[Round "?"]
[White "Sage, Francois (FRA)"]
[Black "Ciesielski, Stefan (POL)"]
[Result "1/2-1/2"]
[WhiteElo "2454"]
[BlackElo "2571"]
[PlyCount "109"]
[EventDate "2006.??.??"]
[EventType "corr"]

1. d4 Nf6 2. c4 g6 3. g3 Bg7 4. Bg2 O-O 5. Nf3 d6 6. Nc3 c6 7. O-O Nbd7 8. e4
e5 9. h3 Qb6 10. Re1 exd4 11. Nxd4 Ng4 12. Nce2 Nge5 13. b3 Nc5 14. Be3 a5 15.
Rb1 Re8 16. Rf1 Qc7 17. Qc2 Qe7 18. Rbd1 Ned7 19. Nc3 Nf6 20. Rfe1 Nfd7 21. f4
Nb8 22. Bf2 Nba6 23. a3 Qf8 24. Na2 f5 25. exf5 Bxd4 26. Rxd4 Bxf5 27. Qd1 a4
28. bxa4 Rxe1+ 29. Bxe1 Re8 30. Bf2 Be4 31. Bf1 Re6 32. Nb4 Nb8 33. Nd3 Nca6
34. Qb3 Qe7 35. a5 Qc7 36. c5 d5 37. Qb6 Qxb6 38. cxb6 c5 39. Rxe4 Rxe4 40. Bg2
Nc6 41. Bxe4 dxe4 42. Nxc5 Nxc5 43. Bxc5 Nxa5 44. a4 Nc4 45. Kf2 Kf7 46. a5
Nxa5 47. Ke3 Ke6 48. Kxe4 h5 49. g4 hxg4 50. hxg4 Nc4 51. f5+ gxf5+ 52. gxf5+
Kf7 53. Kd5 Na5 54. Be3 Kf6 55. Ke4 1/2-1/2

[Event "2FoglarVeterans_GM_A"]
[Site "?"]
[Date "2006.??.??"]
[Round "?"]
[White "Olsen, Svein (NOR)"]
[Black "Schakel, Corky (USA)"]
[Result "1/2-1/2"]
[WhiteElo "2428"]
[BlackElo "2392"]
[PlyCount "110"]
[EventDate "2006.??.??"]
[EventType "corr"]

1. e4 e6 2. d4 d5 3. Nd2 c5 4. Ngf3 cxd4 5. exd5 Qxd5 6. Bc4 Qd6 7. O-O Nf6 8.
Nb3 Nc6 9. Bg5 Bd7 10. Re1 Rc8 11. Qe2 Qc7 12. Red1 Be7 13. Nbxd4 a6 14. c3 O-O
15. Bd3 Nxd4 16. Nxd4 Nd5 17. Bxe7 Nxe7 18. Re1 Ng6 19. Rad1 Nf4 20. Qe4 Nxd3
21. Rxd3 e5 22. Nf5 Bxf5 23. Qxf5 Rcd8 24. Red1 g6 25. Qe4 f5 26. Qe3 e4 27.
Rd4 Rfe8 28. g3 b5 29. a3 Rxd4 30. Qxd4 Qe5 31. Qxe5 Rxe5 32. Rd6 a5 33. Kf1
Rc5 34. Rb6 Kf7 35. Rb7+ Ke6 36. h4 Rd5 37. Ke2 h5 38. Rb6+ Kf7 39. Ra6 a4 40.
Rc6 Kg7 41. c4 Rd3 42. cxb5 Rb3 43. b6 Kf7 44. Kd2 Rxb2+ 45. Ke3 Kg7 46. Kd4
Rxf2 47. Rc3 Rb2 48. Kc5 g5 49. hxg5 Kg6 50. Kc6 Kxg5 51. b7 Kg4 52. Kc7 f4 53.
gxf4 Kxf4 54. Rc4 Rxb7+ 55. Kxb7 Kf3 1/2-1/2

[Event "2FoglarVeterans_GM_A"]
[Site "?"]
[Date "2006.??.??"]
[Round "?"]
[White "Rufenacht, Matthias (SUI)"]
[Black "Sage, Francois (FRA)"]
[Result "1/2-1/2"]
[WhiteElo "2387"]
[BlackElo "2454"]
[PlyCount "140"]
[EventDate "2006.??.??"]
[EventType "corr"]

1. e4 e5 2. Nf3 Nf6 3. Nxe5 d6 4. Nf3 Nxe4 5. d4 d5 6. Bd3 Bd6 7. O-O O-O 8. c4
c6 9. cxd5 cxd5 10. Nc3 Nxc3 11. bxc3 Bg4 12. Rb1 Nd7 13. h3 Bh5 14. Rb5 Nb6
15. c4 Bxf3 16. Qxf3 dxc4 17. Bc2 Qc7 18. a4 a6 19. Rb2 Rab8 20. Bh6 Qc6 21.
Qf5 g6 22. Qa5 Nd7 23. Qc3 Qd5 24. Bxf8 Nxf8 25. Re1 Ne6 26. Be4 Qxd4 27. Qxd4
Nxd4 28. Rxb7 Re8 29. Rd7 Bc5 30. Rd5 Nb3 31. Rdd1 Bb4 32. Re2 c3 33. Re3 Rxe4
34. Rxe4 c2 35. Rd8+ Bf8 36. Rc4 c1=Q+ 37. Rxc1 Nxc1 38. Ra8 Nd3 39. Rxa6 Bc5
40. Ra8+ Kg7 41. a5 Nxf2 42. Kf1 Ne4 43. a6 Nd6 44. Rd8 Nf5 45. g4 Nd4 46. Rd7
h6 47. a7 Bxa7 48. Rxa7 Ne6 49. h4 Nf8 50. Kf2 Nh7 51. Ke3 Nf6 52. Kf4 Kg8 53.
Ra8+ Kg7 54. Ra4 Nh7 55. Ke5 Nf6 56. Rd4 Nh7 57. Rf4 g5 58. hxg5 Nxg5 59. Kd6
Ne6 60. Rf1 Kg6 61. Ke5 Nf8 62. Kd6 Ne6 63. Ke7 Ng5 64. Rf6+ Kg7 65. Rf4 Kg6
66. Rf1 Nh3 67. Rxf7 h5 68. gxh5+ Kxh5 69. Rg7 Kh6 70. Rg8 Kh5 1/2-1/2

[Event "2FoglarVeterans_GM_A"]
[Site "?"]
[Date "2006.??.??"]
[Round "?"]
[White "Marusiak, Lech (POL)"]
[Black "Janos, Jozef (SVK)"]
[Result "0-1"]
[WhiteElo "2460"]
[BlackElo "2395"]
[PlyCount "88"]
[EventDate "2006.??.??"]
[EventType "corr"]

1. d4 Nf6 2. c4 e6 3. Nf3 c5 4. d5 d6 5. Nc3 exd5 6. cxd5 g6 7. e4 a6 8. a4 Bg4
9. Be2 Bxf3 10. Bxf3 Bg7 11. O-O O-O 12. Bf4 Qe7 13. Re1 Nbd7 14. a5 Rab8 15.
Qc2 Ne8 16. Qd2 Nc7 17. Bg5 Bf6 18. Bxf6 Qxf6 19. Bg4 Ne5 20. Be2 g5 21. f3 b5
22. axb6 Rxb6 23. Ra2 Rfb8 24. Rc1 Rb4 25. Rb1 h6 26. Kh1 Nb5 27. Nxb5 axb5 28.
b3 Kg7 29. Ra6 Ng6 30. Qe3 Qe5 31. Qc1 g4 32. Qd2 Rb7 33. Bd1 Re7 34. Qf2 gxf3
35. Bxf3 c4 36. Ra3 c3 37. Rc1 Qd4 38. Qxd4+ Rxd4 39. b4 c2 40. Rxc2 f5 41. g3
fxe4 42. Be2 Rb7 43. Ra6 Rxd5 44. Kg2 Ne5 0-1

[Event "2FoglarVeterans_GM_A"]
[Site "?"]
[Date "2006.??.??"]
[Round "?"]
[White "Morais, Gustavo (POR)"]
[Black "Olsen, Svein (NOR)"]
[Result "1/2-1/2"]
[WhiteElo "2365"]
[BlackElo "2428"]
[PlyCount "92"]
[EventDate "2006.??.??"]
[EventType "corr"]

1. e4 c5 2. Nf3 Nc6 3. d4 cxd4 4. Nxd4 Nf6 5. Nc3 e5 6. Ndb5 d6 7. Nd5 Nxd5 8.
exd5 Ne7 9. c4 Ng6 10. Qa4 Bd7 11. Qb4 Bf5 12. h4 Be7 13. h5 Nf4 14. Bxf4 exf4
15. Nd4 Bd7 16. h6 g6 17. O-O-O O-O 18. Qxb7 Rb8 19. Qa6 Qc7 20. Nc6 Bxc6 21.
dxc6 Bf6 22. b3 Rb6 23. Qa5 Bb2+ 24. Kc2 Be5 25. Rd5 Qxc6 26. Qd2 Qb7 27. Be2
Rb8 28. Kd1 Qe7 29. Ke1 f3 30. gxf3 Qf6 31. Kf1 Ra6 32. Kg2 Re8 33. Bd3 Bf4 34.
Qc2 Re5 35. Kf1 Ra5 36. Be4 Raxd5 37. cxd5 Qe7 38. Qc8+ Qf8 39. Qc7 Re7 40. Qc4
Bxh6 41. Bd3 Bd2 42. Kg2 h5 43. f4 f5 44. Qd4 Qg7 45. Qxg7+ Kxg7 46. Kf3 a5
1/2-1/2

[Event "2FoglarVeterans_GM_A"]
[Site "?"]
[Date "2006.??.??"]
[Round "?"]
[White "Bures, Jilji"]
[Black "Ciesielski, Stefan (POL)"]
[Result "1/2-1/2"]
[WhiteElo "2439"]
[BlackElo "2571"]
[PlyCount "85"]
[EventDate "2006.??.??"]
[EventType "corr"]

1. e4 d6 2. d4 Nf6 3. f3 g6 4. c4 Bg7 5. Nc3 O-O 6. Be3 e5 7. Nge2 c6 8. Qd2
Nbd7 9. O-O-O a6 10. Kb1 b5 11. Nc1 exd4 12. Bxd4 b4 13. Na4 Qa5 14. Nb6 Nxb6
15. Nb3 Nxc4 16. Bxc4 Qd8 17. Bc5 Nd5 18. Bxd5 cxd5 19. Qxd5 Bh3 20. gxh3 dxc5
21. Qxd8 Rfxd8 22. Nxc5 a5 23. Rd5 Rxd5 24. exd5 Bf8 25. Ne4 h6 26. Rd1 Rd8 27.
h4 Kh7 28. Rd3 a4 29. h3 Kg7 30. Kc2 f5 31. Nd2 Rc8+ 32. Kd1 Bd6 33. b3 axb3
34. axb3 Kf6 35. Nc4 Bg3 36. h5 gxh5 37. Ke2 Rd8 38. Rd1 Re8+ 39. Kd3 Rd8 40.
Ke3 Re8+ 41. Kd4 Bf2+ 42. Kd3 Rd8 43. Ke2 1/2-1/2

[Event "2FoglarVeterans_GM_A"]
[Site "?"]
[Date "2006.??.??"]
[Round "?"]
[White "Janos, Jozef (SVK)"]
[Black "Morais, Gustavo (POR)"]
[Result "1/2-1/2"]
[WhiteElo "2395"]
[BlackElo "2365"]
[PlyCount "74"]
[EventDate "2006.??.??"]
[EventType "corr"]

1. e4 c5 2. Nf3 d6 3. d4 cxd4 4. Nxd4 Nf6 5. Nc3 a6 6. Be2 g6 7. O-O Bg7 8. Be3
O-O 9. f4 Nbd7 10. a4 Nc5 11. Bf3 Qc7 12. Kh1 e5 13. Nde2 Be6 14. Qd2 Rad8 15.
Rad1 Bc4 16. Rfe1 Rfe8 17. Ng3 h5 18. f5 h4 19. Nf1 b5 20. axb5 axb5 21. fxg6
b4 22. Nd5 Bxd5 23. exd5 fxg6 24. Qf2 Na4 25. Ra1 Ra8 26. Qxh4 Nxb2 27. Rxa8
Rxa8 28. Bg5 Rf8 29. Qxb4 Qxc2 30. Ne3 Qc7 31. Qxb2 e4 32. Qb1 Rb8 33. Qd1 exf3
34. Qxf3 Qc3 35. Rf1 Rf8 36. Qh3 Re8 37. Qf3 Rf8 1/2-1/2

[Event "2FoglarVeterans_GM_A"]
[Site "?"]
[Date "2006.??.??"]
[Round "?"]
[White "Janos, Jozef (SVK)"]
[Black "Rufenacht, Matthias (SUI)"]
[Result "1/2-1/2"]
[WhiteElo "2395"]
[BlackElo "2387"]
[PlyCount "66"]
[EventDate "2006.??.??"]
[EventType "corr"]

1. d4 d5 2. Nf3 Nc6 3. Bf4 Bg4 4. e3 e6 5. Be2 Bd6 6. Bg3 Nf6 7. Nbd2 O-O 8. a3
Bxf3 9. Nxf3 Ne4 10. c4 Ne7 11. c5 Bxg3 12. hxg3 b6 13. Bd3 h6 14. b4 a5 15.
O-O axb4 16. axb4 Rxa1 17. Qxa1 Qa8 18. Ne5 bxc5 19. Nd7 Rd8 20. Nxc5 Nxc5 21.
bxc5 Rb8 22. Qc3 Rb7 23. Ra1 Ra7 24. Rxa7 Qxa7 25. Qb2 f6 26. g4 Kf7 27. g3 Qa4
28. Kg2 Qd1 29. Be2 Qe1 30. Ba6 Qa5 31. Qb7 c6 32. Bd3 Ke8 33. Qb2 Qa4 1/2-1/2

[Event "2FoglarVeterans_GM_A"]
[Site "?"]
[Date "2006.??.??"]
[Round "?"]
[White "Bures, Jilji"]
[Black "Marusiak, Lech (POL)"]
[Result "1/2-1/2"]
[WhiteElo "2439"]
[BlackElo "2460"]
[PlyCount "119"]
[EventDate "2006.??.??"]
[EventType "corr"]

1. e4 c6 2. d4 d5 3. Nc3 dxe4 4. Nxe4 Bf5 5. Ng3 Bg6 6. h4 h6 7. Nf3 Nf6 8. Ne5
Bh7 9. Bd3 Bxd3 10. Qxd3 e6 11. Bd2 Nbd7 12. f4 Be7 13. O-O-O O-O 14. Qf3 Qc7
15. c4 a5 16. Kb1 Bb4 17. Ne2 h5 18. Ng3 g6 19. Qd3 Kg7 20. Ne4 Nxe4 21. Qxe4
Nf6 22. Qf3 Rfd8 23. Be3 a4 24. g4 a3 25. b3 hxg4 26. Nxg4 Qe7 27. Ne5 Rh8 28.
Rdg1 Rh5 29. Rg5 Rah8 30. Rhg1 Qe8 31. Bf2 Kf8 32. Nd3 Qe7 33. c5 Ba5 34. Ne5
Ke8 35. Qd3 R5h6 36. Bg3 Nd5 37. Nc4 Bb4 38. Ne3 Nxe3 39. Qxe3 Ba5 40. Bf2 Bd8
41. b4 Qd7 42. Rd1 Bxg5 43. fxg5 Rxh4 44. Bxh4 Rxh4 45. Qxa3 Rh5 46. Qe3 Qd5
47. Qf4 Qf5+ 48. Qxf5 gxf5 49. a4 Rxg5 50. b5 Kd7 51. Kb2 Rg3 52. Rh1 f4 53.
Rf1 f3 54. Kc3 f2+ 55. Kd2 Ra3 56. Rxf2 Ke7 57. bxc6 bxc6 58. Rf1 Rxa4 59. Kc3
f5 60. Rh1 1/2-1/2

[Event "2FoglarVeterans_GM_A"]
[Site "?"]
[Date "2006.??.??"]
[Round "?"]
[White "Janos, Jozef (SVK)"]
[Black "Bures, Jilji"]
[Result "0-1"]
[WhiteElo "2395"]
[BlackElo "2439"]
[PlyCount "68"]
[EventDate "2006.??.??"]
[EventType "corr"]

1. d4 d5 2. Nf3 Nf6 3. c4 e6 4. Nc3 c6 5. Bg5 Nbd7 6. e3 Qa5 7. Nd2 Bb4 8. Qc2
O-O 9. Be2 e5 10. O-O exd4 11. Nb3 Qb6 12. exd4 dxc4 13. Bxc4 a5 14. a3 Bd6 15.
Rad1 a4 16. Nc1 Qc7 17. g3 h6 18. Bd2 Nb6 19. Be2 Be6 20. Rfe1 Rfe8 21. Bd3 Qd7
22. Ne4 Nxe4 23. Bxe4 Nd5 24. Re2 Nf6 25. Bg2 Bc7 26. Bb4 Bg4 27. f3 Bf5 28.
Qd2 Nd5 29. Bc3 Rxe2 30. Nxe2 Re8 31. Re1 Nxc3 32. Nxc3 Rxe1+ 33. Qxe1 Qxd4+
34. Qf2 Bb6 0-1

[Event "2FoglarVeterans_GM_A"]
[Site "?"]
[Date "2006.??.??"]
[Round "?"]
[White "Ciesielski, Stefan (POL)"]
[Black "Sykora, Josef"]
[Result "0-1"]
[WhiteElo "2571"]
[BlackElo "2414"]
[PlyCount "162"]
[EventDate "2006.??.??"]
[EventType "corr"]

1. c4 e5 2. Nc3 Nf6 3. Nf3 Nc6 4. g3 d5 5. cxd5 Nxd5 6. Bg2 Nb6 7. O-O Be7 8.
a3 O-O 9. b3 Be6 10. d3 f5 11. b4 Bf6 12. Bb2 Qe8 13. Nd2 Rd8 14. Nb3 Nc4 15.
Qc2 Nxb2 16. Qxb2 b6 17. b5 Ne7 18. Rac1 c5 19. bxc6 Nxc6 20. Nd2 Ne7 21. Rfd1
Qh5 22. Qb5 Qh6 23. Nf1 f4 24. Qa4 Bg5 25. Rb1 Rf7 26. gxf4 Bxf4 27. e3 Bg5 28.
Rd2 Nf5 29. Ne4 Bd5 30. Qd1 Kh8 31. Rc2 Be7 32. Nfg3 Nh4 33. Bh1 Bxa3 34. Qg4
Rfd7 35. Rc8 Be6 36. Rxd8+ Rxd8 37. Qd1 Bf8 38. Qa4 Rd7 39. Rc1 Ng6 40. Rc6 Bh3
41. Qc2 Rd8 42. Nd2 Bc5 43. Nc4 Qg5 44. Be4 Nf8 45. Rc7 Nd7 46. Qb2 Qf6 47. Rc6
Qf7 48. Rc7 Qe6 49. Bc6 Be7 50. f3 a5 51. Bb5 Bf6 52. Bxd7 Rxd7 53. Rc8+ Rd8
54. Rxd8+ Bxd8 55. Nxe5 a4 56. d4 Be7 57. Qb5 Qc8 58. Ne2 a3 59. Nc3 Bf6 60.
Nd3 Be6 61. Qxb6 Bg5 62. Nf4 a2 63. Nxa2 Bxa2 64. Qa5 Bxf4 65. exf4 Bc4 66. Kg2
h6 67. Kg3 Qc6 68. Qe5 Bd5 69. Qe3 Qg6+ 70. Kf2 Qh5 71. Kg3 Kg8 72. h4 Kf7 73.
Qc3 Qg6+ 74. Kf2 Qc6 75. Qe3 Qc2+ 76. Kg3 Qb3 77. Qe2 Qc3 78. Qd1 h5 79. Kg2
Qe3 80. Kg3 Ke7 81. Qe2 Qxe2 0-1

[Event "2FoglarVeterans_GM_A"]
[Site "?"]
[Date "2006.??.??"]
[Round "?"]
[White "Helbich, Jan (SVK)"]
[Black "Janos, Jozef (SVK)"]
[Result "1-0"]
[WhiteElo "2452"]
[BlackElo "2395"]
[PlyCount "83"]
[EventDate "2006.??.??"]
[EventType "corr"]

1. e4 e5 2. Nf3 Nc6 3. Bb5 a6 4. Ba4 Nf6 5. O-O Be7 6. Re1 b5 7. Bb3 d6 8. c3
O-O 9. h3 Na5 10. Bc2 c5 11. d4 Qc7 12. Nbd2 cxd4 13. cxd4 Rd8 14. b3 Nc6 15.
Bb2 Bb7 16. Rc1 Qb6 17. a3 exd4 18. b4 Bf8 19. Nb3 d5 20. e5 Ne4 21. Bxd4 Nxd4
22. Qxd4 Qxd4 23. Nfxd4 Re8 24. f3 Ng5 25. Na5 Rab8 26. Nxb7 Rxb7 27. Bf5 g6
28. Bc8 Rb6 29. Kf2 Ne6 30. Bxe6 fxe6 31. Rc7 Ra8 32. Nc6 Bh6 33. g3 Rf8 34.
Ne7+ Kh8 35. Nc8 Rb8 36. Nd6 Kg8 37. f4 Ra8 38. Re7 Rfb8 39. Rxe6 a5 40. Rd1
axb4 41. axb4 Ra4 42. f5 1-0

[Event "2FoglarVeterans_GM_A"]
[Site "?"]
[Date "2006.??.??"]
[Round "?"]
[White "Janos, Jozef (SVK)"]
[Black "Sykora, Josef"]
[Result "0-1"]
[WhiteElo "2395"]
[BlackElo "2414"]
[PlyCount "60"]
[EventDate "2006.??.??"]
[EventType "corr"]

1. d4 d5 2. c4 c6 3. Nc3 e6 4. e3 Nf6 5. Nf3 Nbd7 6. Qc2 Bd6 7. Be2 O-O 8. O-O
dxc4 9. Bxc4 a6 10. Rd1 b5 11. Be2 Qc7 12. e4 e5 13. g3 Re8 14. a3 exd4 15.
Nxd4 Be5 16. Bf3 c5 17. Nde2 Bb7 18. Be3 c4 19. Bg2 Nc5 20. f3 Rad8 21. Rxd8
Rxd8 22. Re1 h5 23. Nf4 g5 24. Nfd5 Bxd5 25. exd5 Nd3 26. Rf1 h4 27. Bxg5 hxg3
28. hxg3 Bxg3 29. Bh3 Qe5 30. Bxf6 Qxf6 0-1

[Event "2FoglarVeterans_GM_A"]
[Site "?"]
[Date "2006.??.??"]
[Round "?"]
[White "Brousek, Jiri"]
[Black "Janos, Jozef (SVK)"]
[Result "1-0"]
[WhiteElo "2439"]
[BlackElo "2395"]
[PlyCount "87"]
[EventDate "2006.??.??"]
[EventType "corr"]

1. d4 Nf6 2. Nf3 d5 3. e3 e6 4. Bd3 Nbd7 5. O-O Bd6 6. Nbd2 O-O 7. e4 dxe4 8.
Nxe4 Nxe4 9. Bxe4 h6 10. c4 Nf6 11. Qe2 c5 12. dxc5 Bxc5 13. Bc2 b6 14. a3 a5
15. Be3 Qc7 16. Bxc5 bxc5 17. Rad1 Bb7 18. Ne5 Rad8 19. Qe3 Qb6 20. b3 Rd4 21.
Rxd4 cxd4 22. Qd2 Rd8 23. b4 Qc7 24. Qe2 Nd7 25. Nxd7 Qxd7 26. Rd1 axb4 27.
axb4 e5 28. c5 Qe7 29. f3 Kf8 30. Rc1 Qg5 31. Re1 Qe7 32. Bd3 Rb8 33. Rc1 Qg5
34. Ra1 Re8 35. Re1 Re7 36. Kh1 g6 37. Be4 Bxe4 38. fxe4 Rc7 39. Qc4 Qd2 40.
Rf1 d3 41. h3 Qe2 42. Rg1 Qe3 43. c6 Qd4 44. Qxd4 1-0

[Event "2FoglarVeterans_GM_A"]
[Site "?"]
[Date "2006.??.??"]
[Round "?"]
[White "Janos, Jozef (SVK)"]
[Black "Bauer, Manfred (GER)"]
[Result "0-1"]
[WhiteElo "2395"]
[BlackElo "2451"]
[PlyCount "78"]
[EventDate "2006.??.??"]
[EventType "corr"]

1. d4 Nf6 2. Nf3 g6 3. c4 Bg7 4. Nc3 d5 5. cxd5 Nxd5 6. e4 Nxc3 7. bxc3 c5 8.
Rb1 O-O 9. Be2 Nc6 10. d5 Ne5 11. Nxe5 Bxe5 12. Qd2 e6 13. f4 Bc7 14. O-O exd5
15. exd5 Ba5 16. d6 Rb8 17. Ba3 Bf5 18. Rbc1 Re8 19. Bf3 b6 20. g4 Bd7 21. Bb2
Qf6 22. g5 Qf5 23. Rfe1 c4 24. Ba3 Rxe1+ 25. Rxe1 b5 26. Re7 Rd8 27. Kh1 Qd3
28. Qxd3 cxd3 29. Kg2 d2 30. Kg3 h6 31. gxh6 Bxc3 32. Bc5 Bc6 33. Bd1 a5 34. a3
b4 35. a4 Bd5 36. d7 Bc6 37. h7+ Kg7 38. h8=Q+ Kxh8 39. Rxf7 Rxd7 0-1

[Event "2FoglarVeterans_GM_A"]
[Site "?"]
[Date "2006.??.??"]
[Round "?"]
[White "Olsen, Svein (NOR)"]
[Black "Janos, Jozef (SVK)"]
[Result "1-0"]
[WhiteElo "2428"]
[BlackElo "2395"]
[PlyCount "73"]
[EventDate "2006.??.??"]
[EventType "corr"]

1. d4 Nf6 2. c4 g6 3. Nc3 Bg7 4. e4 d6 5. Nf3 O-O 6. Be2 e5 7. dxe5 dxe5 8. Bg5
Nbd7 9. O-O h6 10. Be3 c6 11. Ne1 Qe7 12. Nd3 Nh7 13. Qd2 Ng5 14. Rad1 Rd8 15.
Rfe1 Nf8 16. Qc1 Kh7 17. Nc5 Nge6 18. Rxd8 Qxd8 19. Rd1 Nd4 20. Bf1 Nfe6 21.
Nxe6 Bxe6 22. Ne2 c5 23. Nc3 f5 24. exf5 gxf5 25. f3 Qh4 26. Bf2 Qh5 27. Ne2
Rd8 28. Re1 Qf7 29. Nxd4 cxd4 30. Bd3 Re8 31. Qc2 Kh8 32. Bg3 Bd7 33. b4 Qf6
34. c5 h5 35. Qf2 Bc6 36. b5 Bd5 37. Qc2 1-0